Online
Catalog

Exaltación de Honduras : (Record no. 17526)

MARC details
000 -CABECERA
campo de control de longitud fija 00746cam a2200229 a 4500
001 - NÚMERO DE CONTROL
campo de control 000018004
005 - FECHA Y HORA DE LA ÚLTIMA TRANSACCIÓN
campo de control 20200929165319.0
008 - DATOS DE LONGITUD FIJA--INFORMACIÓN GENERAL
campo de control de longitud fija 840716s1971 ho 000 p spa d
040 ## - FUENTE DE LA CATALOGACIÓN
Centro catalogador/agencia de origen DO-SdBNP
Lengua de catalogación spa
Centro/agencia transcriptor LC
Centro/agencia modificador BNPHU
082 ## - NÚMERO DE LA CLASIFICACIÓN DECIMAL DEWEY
Número de clasificación Ho861.44
Número de documento/Ítem A185e
049 ## - FONDOS LOCALES (OCLC)
Fondos de biblioteca BNGR
100 1# - ENTRADA PRINCIPAL--NOMBRE DE PERSONA
Nombre de persona Acosta, Oscar.
Fechas asociadas al nombre 1933-
9 (RLIN) 16763
245 10 - MENCIÓN DE TÍTULO
Título Exaltación de Honduras :
Resto del título antología /
Mención de responsabilidad, etc. Oscar Acosta y Pompeyo del Valle.
260 ## - PUBLICACIÓN, DISTRIBUCIÓN, ETC.
Lugar de publicación, distribución, etc. Honduras :
Nombre del editor, distribuidor, etc. Nuevo Continente,
Fecha de publicación, distribución, etc. 1971.
300 ## - DESCRIPCIÓN FÍSICA
Extensión 333 p. ;
Dimensiones 23 cm.
490 1# - MENCIÓN DE SERIE
Mención de serie El Pino Jubiloso
650 #4 - PUNTO DE ACCESO ADICIONAL DE MATERIA--TÉRMINO DE MATERIA
Término de materia o nombre geográfico como elemento de entrada Poesía hondureña
Subdivisión general Colecciones
9 (RLIN) 39035
650 #4 - PUNTO DE ACCESO ADICIONAL DE MATERIA--TÉRMINO DE MATERIA
Término de materia o nombre geográfico como elemento de entrada Literaruta hondureña
Subdivisión cronológica SIGLO XX
9 (RLIN) 39036
700 1# - PUNTO DE ACCESO ADICIONAL--NOMBRE DE PERSONA
Nombre de persona Valle, Pompeyo del.
9 (RLIN) 39037
830 #0 - PUNTO DE ACCESO ADICIONAL DE SERIE-TÍTULO UNIFORME
Título uniforme El Pino Jubiloso
9 (RLIN) 39038
910 ## - DATOS DE OPCIÓN DEL USUARIO (OCLC)
Datos de opción del usuario Catalogación por copia / LC
Holdings
Estado de retiro Estado de pérdida Restricciones de uso No para préstamo Código de colección Localización permanente Ubicación/localización actual Ubicación en estantería Fecha de adquisición Número de inventario Total de préstamos Signatura topográfica completa Código de barras Fecha visto por última vez Precio válido a partir de Tipo de ítem Koha
        Monografías: Libros y Folletos General General En catalogación 08.04.2010 LF1   Ho861.44 A185e 18004-10 25.06.2020 25.06.2020 Préstamo en sala

Powered by Koha